Wind stress over the ocean (Record no. 1972)

000 -LEADER
fixed length control field 00452nam a22001577a 4500
008 - FIXED-LENGTH DATA ELEMENTS--GENERAL INFORMATION
fixed length control field 200210b ||||| |||| 00| 0 eng d
020 ## - INTERNATIONAL STANDARD BOOK NUMBER
International Standard Book Number 0521662435
100 ## - MAIN ENTRY--PERSONAL NAME
9 (RLIN) 1574
Personal name Jones, Ian S. F.
245 10 - TITLE STATEMENT
Title Wind stress over the ocean
250 ## - EDITION STATEMENT
Edition statement 1st ed.
260 ## - PUBLICATION, DISTRIBUTION, ETC. (IMPRINT)
Place of publication, distribution, etc London
Name of publisher, distributor, etc Cambridge University Press
Date of publication, distribution, etc 2001
300 ## - PHYSICAL DESCRIPTION
Extent xviii,307p.
650 #0 - SUBJECT ADDED ENTRY--TOPICAL TERM
Topical term or geographic name as entry element Ocean Waves
700 ## - ADDED ENTRY--PERSONAL NAME
9 (RLIN) 1575
Personal name Toba, Yoshiaki
942 ## - ADDED ENTRY ELEMENTS (KOHA)
Item type Books
Holdings
Withdrawn status Lost status Source of classification or shelving scheme Damaged status Not for loan Permanent location Current location Date acquired Source of acquisition Full call number Barcode Date last seen Cost, replacement price Koha item type
          IMU Kolkata IMU Kolkata 2002-03-27 Jyoti, the Book People 551.524 J762 09329 2020-02-10 3640.00 Books
Designed and Maintained by IMU-KC Library, Kolkata Campus © Copyright All Rights Reserved

webs counters

Powered by Koha